00325nam a2200145Ia 4500003000500000008004100005020001800046040001900064082000700083100002200090245002200112260002500134300000800159546001200167STCL181203s9999 xx 000 0 und d a9788131709726 aSTCLbENcSTCL 222 aLaidler, Keith J. 0aChemical Kinetics bPearsonaNoidac2016 a531 aEnglish